Регионална библиотека "Любен Каравелов" - Русе

Каменният град (Запис номер 3724)

MARC детайли
000 -Лидер
Контролно поле с фиксирана дължина 01160nam a2200313 c 4500
003 - Код на организацията, давaща контролен номер
Контролно поле BLK
005 - Дата и час на последна редакция
Контролно поле 20180420213725.0
008 - Елементи от данни с фиксирана дължина
fixed length control field 180412b bul|||||r ||||||| ||bul||
010 ## - Наследен системен номер
LC control number KNG00004832000
020 ## - Международен стандартен номер на книга ISBN
Международен стандартен номер на книга ISBN 954-8515-01-6
040 ## - Източник на каталожния запис
Идентификатор на билиотеката - собственик на записа BLK
041 ## - Код за език
Код за езика на текст/звукозапис или на отделно заглавие Български
Код за езика КДБФ Български
080 ## - УДК
Текстов определител УДК Българска литература
УДК код - определител по УДК 821.163.2
УДК определител -1
УДК - код + определител 821.163.2-1
100 1# - Редна дума - Автор
Автор Янков, Диян
Авторска отговорност първи автор
R(LIN) 247713
139 ## - Редно поле
Редна дума Янков, Диян и др.
Авторски знак Янков - Я 60
245 10 - Сведения за заглавието
Заглавие Каменният град
Подзаглавни данни [Стихотворения]
Редно поле (дума) Диян Янков; съавт. Георги Цанков.
257 ## - Страна на издаване
Страна на създаване/издаване България
260 ## - Област на издателските данни
Име на издателя, разпространителя и проч. Костенурка
Година на издаване 1994
300 ## - Физическа характеристика
Страници 39 с.
Илюстрации и др. с ил.
Размери/Мащаб 17 см
380 ## - Жанр
Жанр Худож. лит.
490 1# - СЕРИИ (Колекции)
Име на серия Библиотека Нова българска поезия'94
№: серия 1
500 ## - Общи забележки
Забележка 1 000 тир.
700 1# - Други автори (авторска отговорност)
Лично име Цанков, Георги
Автороска отговорност (Описва отношението между автора и произведението) съавт.
Друга информация Цанев, Георги Цанков
9 (RLIN) 247714
852 ## - Местоположение
Форматна сигнатура Цб
856 4# - Електронен адрес и достъп
Електронен формат pdf - файл
Път до файла /url/
856 4# - Електронен адрес и достъп
Електронен формат pdf - файл
Път до файла /url/
999 ## - СИСТЕМНИ КОНТРОЛНИ НОМЕРА
Koha biblionumber 3724
Koha biblioitemnumber 3724
942 ## - АРТИКУЛИ
Вид на библиотечния материал Книги
Скрит в OPAC Не
944 ## - СЪЗДАВАНЕ И РЕДАКЦИЯ на ЗАПИСА
Създаване/Редакция Създаване
Дата на регистрацията/редакция 15.01.2003
Служител, извършил регистрацията/редакцията AB_DOS
944 ## - СЪЗДАВАНЕ И РЕДАКЦИЯ на ЗАПИСА
Създаване/Редакция Редакция
Дата на регистрацията/редакция 12.01.2017
Служител, извършил регистрацията/редакцията Сечил_Томаш
999 ## - СИСТЕМНИ КОНТРОЛНИ НОМЕРА
Koha biblioitemnumber 3724
Наличности
Код за отписване Код за изгубен артикул Източник на класификационната схема Код за повреда Коз за рестрикции Код за отдаване Артикулен № Име на библиотеката - собственик Име на библиотеката, в която се намира в момента Статус (Текущо местоположение) Дата на вписване в системата Местоположение - отдел Цена в лева Инвентарен номер Систематично азбучна сигнатура Баркод Номер на екземпляра Цена в евро Служебен тип на артикула
  Не е изгубен Universal Decimal Classification Не е повреден само за читалня ползва се в читалня 6647 Регионална библиотека "Любен Каравелов" Русе Регионална библиотека "Любен Каравелов" Русе Хранилище 2001-01-01 Хранилище 0.18 608033 Цб І 27628 120000608033 1 0.09 Книги
Vip Innovations Ltd, Rousse, Bulgaria 2025